Statistics for 高速バスのバス停

Click here to take the quiz!

General Stats

  • This quiz has been taken 38 times
    (33 since last reset)
  • The average score is 11 of 186

Answer Stats

Answer% Correct
元八王子
43%
日野
37%
豊田
30%
江田
27%
舞子
27%
厚木
23%
深大寺
23%
大和
23%
山北
20%
相模湖
20%
松田
20%
伊勢原
20%
富士吉田
17%
川越的場
17%
茅野
17%
大井
17%
笹子
17%
桃花台
13%
長坂高根
13%
浜松北
13%
足柄
13%
志度
13%
北条
13%
猿橋
13%
鳴門
13%
富士見
10%
志知
10%
小山
10%
西桂
10%
裾野
10%
蒲原
10%
興津
10%
瑞浪天徳
10%
上飯田
10%
飯島
10%
宮田
10%
川岸
10%
大内
10%
音羽
10%
本宿
10%
昭和
10%
甲斐大和
10%
立花山
7%
宍道
7%
木次
7%
鷲羽山北
7%
中野
7%
須坂
7%
勝間田
7%
丸亀
7%
観音寺
7%
青柳
7%
筑紫野
7%
小形山
7%
神埼
7%
東条
7%
岡津
7%
中原
7%
磐田
7%
神林
7%
深草
7%
日進
7%
広丘野村
7%
獅子の里三木
7%
氷上
7%
明野
7%
御坂
7%
内原
7%
甲斐一宮
7%
箕輪
7%
西春近
7%
高森
7%
真木
7%
石岡
7%
木田
7%
新光
7%
二川
3%
小布施
3%
有城南
3%
久地
3%
屋代
3%
淡河
3%
美土里
3%
木更津羽鳥野
3%
鳥原
3%
坂北
3%
川口
3%
哲西
3%
四賀
3%
明科
3%
宮の陣
3%
瀬高
3%
鹿央
3%
西合志
3%
益城
3%
飯野
3%
大板井
3%
高城
3%
清武
3%
見晴
3%
神辺
3%
三ヶ日
3%
焼津西
3%
豊橋北
3%
有賀
3%
岩津
3%
安乎
3%
榎列
3%
松岡
3%
遠田
3%
百済寺
3%
中里
3%
高槻
3%
長尾
3%
3%
仁井
3%
葛根
3%
南光
3%
作東
3%
富津浅間山
3%
津山北
3%
鳴門公園口
3%
大毛島
3%
池武当
0%
琉大入口
0%
江部乙
0%
日田
0%
山内
0%
松原
0%
砂川吉野
0%
大島
0%
大鰐
0%
庄内あさひ
0%
羽黒平
0%
牡丹平
0%
瀬戸田
0%
小諸高原
0%
若穂
0%
矢吹泉崎
0%
西郷
0%
柏原
0%
納内
0%
平鹿
0%
重井
0%
馬島
0%
向東
0%
葛塚
0%
角間川
0%
久米
0%
志染
0%
高宮
0%
和知
0%
帝釈
0%
熊谷
0%
布瀬
0%
呰部
0%
栗沢
0%
千田
0%
小瀬
0%
蘇原
0%
早川
0%
頸城
0%
潟町
0%
上方
0%
曽地
0%
久留美
0%
福山本郷
0%
田野東
0%
三川
0%
都城北
0%
高崎東
0%
帖佐
0%
鹿児島空港南
0%
武蔵ヶ丘
0%
小原
0%
南外
0%
酒屋
0%
佐用平福
0%
長岡北
0%
加治川紫雲寺
0%
片貝
0%
重富
0%
千代田西
0%
北房水田
0%
西粟倉
0%
竹浦
0%

Score Distribution

Percentile by Number Answered

Percent of People with Each Score

Your Score History

You have not taken this quiz since the last reset